O Islã em movimento: comunidades muçulmanas na Serra Gaúcha

O sul do Brasil recebeu, nas primeiras décadas do século XXI, um expressivo número de migrantes muçulmanos. Neste contexto, a Serra Gaúcha acolheu membros pertencentes a duas comunidades ligadas ao Islã: os senegaleses e os turcos. Esses indivíduos constituíram laços com a cultura local e promoveram...

Full description

Saved in:  
Bibliographic Details
Authors: Lia, Cristine Fortes (Author) ; Costa, Jéssica Pereira da (Author)
Format: Electronic Article
Language:Portuguese
Check availability: HBZ Gateway
Interlibrary Loan:Interlibrary Loan for the Fachinformationsdienste (Specialized Information Services in Germany)
Published: 2021
In: Revista Brasileira de História das Religiões
Year: 2021, Volume: 14, Issue: 41, Pages: 119-147
Further subjects:B Senegaleses
B Islã
B Migrações
B Turcos
B Religiões
Online Access: Volltext (kostenfrei)
Volltext (kostenfrei)

MARC

LEADER 00000caa a22000002c 4500
001 1801698228
003 DE-627
005 20250225101134.0
007 cr uuu---uuuuu
008 220512s2021 xx |||||o 00| ||por c
024 7 |a 10.4025/rbhranpuh.v14i41.60208  |2 doi 
035 |a (DE-627)1801698228 
035 |a (DE-599)KXP1801698228 
040 |a DE-627  |b ger  |c DE-627  |e rda 
041 |a por 
084 |a 0  |2 ssgn 
100 1 |a Lia, Cristine Fortes  |e VerfasserIn  |0 (orcid)0000-0002-3781-0037  |4 aut 
245 1 2 |a O Islã em movimento: comunidades muçulmanas na Serra Gaúcha 
264 1 |c 2021 
336 |a Text  |b txt  |2 rdacontent 
337 |a Computermedien  |b c  |2 rdamedia 
338 |a Online-Ressource  |b cr  |2 rdacarrier 
520 |a O sul do Brasil recebeu, nas primeiras décadas do século XXI, um expressivo número de migrantes muçulmanos. Neste contexto, a Serra Gaúcha acolheu membros pertencentes a duas comunidades ligadas ao Islã: os senegaleses e os turcos. Esses indivíduos constituíram laços com a cultura local e promoveram diálogos inter-religiosos. Este estudo se dedica a analisar a experiência religiosa desses migrantes, com enfoque nas estratégias desenvolvidas por cada grupo para garantir a sobrevivência das suas práticas de fé na região, em especial, na cidade de Caxias do Sul, marcada por uma cultura tradicionalmente católica. A metodologia utilizada é a História Oral, por meio da qual são constituídas formas de escuta para as trajetórias migrantes muçulmanas. 
650 4 |a Islã 
650 4 |a Migrações 
650 4 |a Religiões 
650 4 |a Senegaleses 
650 4 |a Turcos 
700 1 |a Costa, Jéssica Pereira da  |e VerfasserIn  |0 (orcid)0000-0002-3622-2268  |4 aut 
773 0 8 |i Enthalten in  |t Revista Brasileira de História das Religiões  |d Maringá : Universidade Estadual de Maringá, 2008  |g 14(2021), 41, Seite 119-147  |h Online-Ressource  |w (DE-627)688608809  |w (DE-600)2654441-6  |w (DE-576)361845626  |x 1983-2850  |7 nnas 
773 1 8 |g volume:14  |g year:2021  |g number:41  |g pages:119-147 
856 4 0 |u https://doi.org/10.4025/rbhranpuh.v14i41.60208  |x Resolving-System  |z kostenfrei  |3 Volltext  |7 0 
856 4 0 |u https://periodicos.uem.br/ojs/index.php/RbhrAnpuh/article/view/60208  |x Verlag  |z kostenfrei  |3 Volltext  |7 0 
951 |a AR 
ELC |a 1 
LOK |0 000 xxxxxcx a22 zn 4500 
LOK |0 001 4133314646 
LOK |0 003 DE-627 
LOK |0 004 1801698228 
LOK |0 005 20220512164223 
LOK |0 008 220512||||||||||||||||ger||||||| 
LOK |0 040   |a DE-Tue135  |c DE-627  |d DE-Tue135 
LOK |0 092   |o n 
LOK |0 852   |a DE-Tue135 
LOK |0 852 1  |9 00 
LOK |0 935   |a ixzs  |a ixzo 
LOK |0 939   |a 12-05-22  |b l01 
OAS |a 1 
ORI |a SA-MARC-ixtheoa001.raw 
REL |a 1 
SUB |a REL